000 00441cam a22001217a 4500
008 180718b1978 xxu||||| |||| 00| 0 eng d
082 _aJ7mtx5452 M267
245 _aEconomic profile of Madras metropolitan area
_cby Madras Metropolitan Development Authority
260 _aBaroda
_bOperations Research Group
_c1978
300 _a72p
650 _aMunicipal Government - India - Delhi
700 _aIndia. Madras Metropolitan Development Authority
999 _c416628
_d416628